LEADER 01117nam a2200253 u 4500 001 000000029241 003 CaOOAMICUS 005 20070226111908.0 008 970218s1957 it u000 u ita u 035 $a10752305 040 $aBAV$bita 100 1 $aPesce, Domenico,$d1913-$0(OLS)http://pul/name/139 245 10$aSaggio sulla metafisica /$cDomenico Pesce. 260 $aFirenze :$bF. Le Monnier,$c1957. 300 $a52 p. ;$c25 cm 490 1 $aPubblicazioni della Università degli studi di Firenze. Facoltà di Lettere e Filosofia. IV serie ;$v3 650 4$aMetafisica.$0(OLS)http://pul/subject/433 830 0$aPubblicazioni della Facoltà di Lettere e Filosofia (Università degli studi di Firenze).$pSerie IV ;$v3.$0(OLS)http://pul/title/40008 850 $aPUL 852 $aPUL$W1$xDP1 Fondo Giannini$y60$m1556 B 16$j40504$nBK-PRI$b $qFondi$B40504$CPULBib$Z2$F40504 $H $81 941 1 $a1 961 $aINV: Fondo Giannini 996 $6245$aSaggio sulla metafisica$9(OLS)http://pul/title/40007 996 $6260$aFirenze :$bF. Le Monnier$9(OLS)http://pul/publisher/48145 LEADER 01353nam a2200337 u 4500 001 000000050226 003 CaOOAMICUS 005 20070226115211.0 008 000727s2000 it u000 u ita u 020 $a8870786366 035 $a10853059 040 $aPUL$bita 041 1 $aita$hfre 100 1 $aBoltanski, Luc.$0(OLS)http://pul/name/36218 240 10$aSouffrance à distance.$lItaliano.$0(OLS)http://pul/title/67601 245 13$aLo spettacolo del dolore :$bmorale umanitaria, media e politica /$cLuc Boltanski. 260 $aMilano :$bRaffaello Cortina,$cc2000. 300 $axx, 319 p. ;$c24 cm 490 1 $aScienza e idee 500 $aContiene indici. 504 $aBibliografia in nota. 650 4$aDolore.$0(OLS)http://pul/subject/21148 650 4$aMass media.$0(OLS)http://pul/subject/21149 830 0$aScienza e idee (Raffaello Cortina).$0(OLS)http://pul/title/60185 850 $aPUL 852 $aPUL$W1$xSL Filosofia 1$y2$m95 I 22$j66621$nBK-PRI$b $qStampati$B66621$CPULBib$Z2$F66621 $H $81 941 1 $a8 961 $aINV: 82358 996 $6020$a8870786366$9(OLS)http://pul/number/63547 996 $6245$aLo spettacolo del dolore :$bmorale umanitaria, media e politica$9(OLS)http://pul/title/67602 996 $6260$aMilano :$bRaffaello Cortina$9(OLS)http://pul/publisher/63509